[Event "BCF-chT1d 1011 (4NCL) Demotion pool"]
[Site "England"]
[Date "2011.05.01"]
[Round "10.16"]
[White "Pinter, Gabor"]
[Black "Jirka, Jiri"]
[Result "1-0"]
[WhiteElo "2363"]
[BlackElo "2425"]
[PlyCount "41"]
[EventDate "2010.11.06"]
[EventType "team-tourn"]
[EventRounds "4"]
[EventCountry "ENG"]
[SourceTitle "EXT 2012"]
[Source "ChessBase"]
[SourceDate "2011.11.24"]
[SourceVersion "1"]
[SourceVersionDate "2011.11.24"]
[SourceQuality "1"]
[WhiteTeam "Cambridge"]
[BlackTeam "The ADS"]
[WhiteTeamCountry "ENG"]
[BlackTeamCountry "ENG"]

1. e4 e5 2. Nf3 Nc6 3. Bb5 Bc5 4. 0-0 Nd4 5. Nxd4 exd4 6. d3 c6 7. Ba4 Ne7 8. Nd2 0-0 9. f4 a5 10. a3 b5 11. Bb3 a4 12. Ba2 d5 13. f5 f6 14. g4 Kh8 15. Nf3 Bb6 16. g5 Qe8 17. Nh4 fxg5 18. Bxg5 dxe4 19. Bxe7 e3 20. Ng6+ hxg6 21. Qg4 1-0

[Event "BCF-chT1b 1011 (4NCL)"]
[Site "England"]
[Date "2011.02.20"]
[Round "6.16"]
[White "Camacho Collados, Marcos"]
[Black "Pinter, Gabor"]
[Result "1-0"]
[WhiteElo "2360"]
[BlackElo "2363"]
[PlyCount "109"]
[EventDate "2010.11.06"]
[EventType "team-tourn"]
[EventRounds "7"]
[EventCountry "ENG"]
[SourceTitle "EXT 2012"]
[Source "ChessBase"]
[SourceDate "2011.11.24"]
[SourceVersion "1"]
[SourceVersionDate "2011.11.24"]
[SourceQuality "1"]
[WhiteTeam "Guildford"]
[BlackTeam "Cambridge"]
[WhiteTeamCountry "ENG"]
[BlackTeamCountry "ENG"]

1. e4 c5 2. Nf3 e6 3. d3 Nc6 4. g3 Nge7 5. Bg2 g6 6. 0-0 Bg7 7. c3 d5 8. Nbd2 b6 9. Re1 Bb7 10. Nf1 h6 11. h4 Qd7 12. e5 d4 13. c4 0-0-0 14. a3 a5 15. Bd2 Qc7 16. Qe2 g5 17. hxg5 Ng6 18. gxh6 Bxh6 19. Bxh6 Rxh6 20. Ng5 Ncxe5 21. f4 Bxg2 22. Kxg2 Qb7+ 23. Qe4 Nxd3 24. Qxb7+ Kxb7 25. Nxf7 Ngxf4+ 26. Kf3 Nxe1+ 27. Rxe1 Rf8 28. Nxh6 Nd3+ 29. Ke2 Nxe1 30. Kxe1 Rf6 31. Ng4 Rf5 32. Nf2 Kc6 33. g4 Rf4 34. Nd3 Rf8 35. Ng3 b5 36. cxb5+ Kd5 37. Nf2 c4 38. Nfe4 d3 39. g5 Kd4 40. b6 Rb8 41. g6 Rxb6 42. g7 Rb8 43. Nd6 c3 44. Nb5+ Kc4 45. Nxc3 Kb3 46. Nd1 a4 47. Kd2 Rg8 48. Nh5 e5 49. Kxd3 e4+ 50. Kxe4 Kc2 51. Nc3 Kxb2 52. Nb5 Kb3 53. Kd5 Rd8+ 54. Ke6 Kc4 55. Nd6+ 1-0

[Event "BCF-chT1b 1011 (4NCL)"]
[Site "England"]
[Date "2011.01.16"]
[Round "4.16"]
[White "Palliser, Richard"]
[Black "Pinter, Gabor"]
[Result "1-0"]
[WhiteElo "2445"]
[BlackElo "2363"]
[PlyCount "53"]
[EventDate "2010.11.06"]
[EventType "team-tourn"]
[EventRounds "7"]
[EventCountry "ENG"]
[SourceTitle "EXT 2012"]
[Source "ChessBase"]
[SourceDate "2011.11.24"]
[SourceVersion "1"]
[SourceVersionDate "2011.11.24"]
[SourceQuality "1"]
[WhiteTeam "White Rose"]
[BlackTeam "Cambridge"]
[WhiteTeamCountry "ENG"]
[BlackTeamCountry "ENG"]

1. d4 Nf6 2. Bg5 d5 3. e3 Nbd7 4. Nf3 h6 5. Bh4 g5 6. Bg3 Ne4 7. c4 e6 8. Nc3 Nxg3 9. hxg3 c6 10. Qc2 Bg7 11. 0-0-0 b6 12. e4 g4 13. Nh4 Bb7 14. exd5 cxd5 15. cxd5 Qg5+ 16. Kb1 Bxd5 17. Nxd5 Qxd5 18. Bc4 Qg5 19. d5 e5 20. Bb5 Rd8 21. Nf5 0-0 22. Bxd7 Rxd7 23. Rh4 Rfd8 24. d6 e4 25. Qxe4 h5 26. Rdh1 Rf8 27. Qe2 1-0

[Event "BCF-chT1c 0910 (4NCL) Promotion pool"]
[Site "England"]
[Date "2010.05.01"]
[Round "9.4"]
[White "Pinter, Gabor"]
[Black "Cox, John J"]
[Result "1-0"]
[WhiteElo "2349"]
[BlackElo "2389"]
[PlyCount "95"]
[EventDate "2009.10.24"]
[EventType "team-tourn"]
[EventRounds "4"]
[EventCountry "ENG"]
[SourceTitle "EXT 2011"]
[Source "ChessBase"]
[SourceDate "2010.11.26"]
[SourceVersion "1"]
[SourceVersionDate "2010.11.26"]
[SourceQuality "1"]
[WhiteTeam "Cambridge University"]
[BlackTeam "Barbican"]
[WhiteTeamCountry "ENG"]
[BlackTeamCountry "ENG"]

1. e4 e5 2. Nf3 Nc6 3. d4 exd4 4. Nxd4 Bc5 5. Nb3 Bb6 6. Qe2 Nge7 7. Be3 d6 8. Nc3 0-0 9. 0-0-0 f5 10. f4 fxe4 11. Bxb6 axb6 12. Qxe4 Bf5 13. Bc4+ Kh8 14. Qe2 Qd7 15. h3 Ng6 16. Rhf1 Rae8 17. Qd2 Be6 18. Bxe6 Qxe6 19. Nd5 Qd7 20. g4 Nge7 21. Nc3 Ng8 22. a3 Qd8 23. Qd3 Rf7 24. Nd2 Ref8 25. f5 Ne5 26. Qg3 g6 27. fxg6 Rxf1 28. Nxf1 Qg5+ 29. Nd2 hxg6 30. Kb1 Rf7 31. Qg2 Nc6 32. h4 Qe5 33. Nf3 Qe3 34. Rd3 Qe8 35. Ng5 Rg7 36. Rd1 Nh6 37. Nd5 Qc8 38. Rg1 Ne5 39. Nf6 Ng8 40. Nd5 Nh6 41. Nf6 Qd8 42. Rf1 Qc8 43. Rf4 c6 44. Qf2 Re7 45. Nd5 Re8 46. Ne7 Nhxg4 47. Nxc8 Nxf2 48. Nxd6 1-0

[Event "BCF-chT1d 0809 (4NCL) Demotion pool"]
[Site "England"]
[Date "2009.03.22"]
[Round "8.1"]
[White "Rudd, Jack"]
[Black "Pinter, Gabor"]
[Result "0-1"]
[WhiteElo "2334"]
[BlackElo "2355"]
[PlyCount "80"]
[EventDate "2008.10.04"]
[EventType "team-tourn"]
[EventRounds "4"]
[EventCountry "ENG"]
[SourceTitle "EXT 2010"]
[Source "ChessBase"]
[SourceDate "2010.11.25"]
[SourceVersion "1"]
[SourceVersionDate "2010.11.25"]
[SourceQuality "1"]
[WhiteTeam "Bristol"]
[BlackTeam "Cambridge"]
[WhiteTeamCountry "ENG"]
[BlackTeamCountry "ENG"]

1. d4 d5 2. c4 c6 3. Nf3 Nf6 4. Nc3 a6 5. e3 g6 6. Be2 Bg7 7. 0-0 0-0 8. a4 a5 9. Qb3 e6 10. Qc2 Na6 11. Bd2 b6 12. Rad1 Bb7 13. e4 c5 14. exd5 exd5 15. dxc5 Nb4 16. Qb3 d4 17. c6 Bxc6 18. Be3 d3 19. Bxd3 Nxd3 20. Ne2 Bxa4 21. Qxa4 Nxb2 22. Rxd8 Nxa4 23. Rd3 Ne4 24. Rc1 Rfd8 25. Nfd4 Rac8 26. Nc6 Re8 27. Na7 Nb2 28. Rd7 Rxc4 29. Rb1 a4 30. Nb5 Rb4 31. Nc7 Rc8 32. Nd5 Nf6 33. Ne7+ Kf8 34. Ra7 Re8 35. Nc6 Rc4 36. Rxb2 Rxc6 37. Rxa4 Nd5 38. Rb3 Nxe3 39. fxe3 Bh6 40. Kf2 Rf6+ 0-1

[Event "HUN-chT 0809"]
[Site "Hungary"]
[Date "2008.12.21"]
[Round "4"]
[White "Pinter, Gabor"]
[Black "Parkanyi, Attila"]
[Result "0-1"]
[WhiteElo "2355"]
[BlackElo "2361"]
[PlyCount "86"]
[EventDate "2008.10.26"]
[EventType "team-tourn"]
[EventRounds "11"]
[EventCountry "HUN"]
[SourceTitle "EXT 2010"]
[Source "ChessBase"]
[SourceDate "2010.11.25"]
[SourceVersion "1"]
[SourceVersionDate "2010.11.25"]
[SourceQuality "1"]
[WhiteTeam "BEAC"]
[BlackTeam "Penzugyor"]
[WhiteTeamCountry "HUN"]
[BlackTeamCountry "HUN"]

1. e4 g6 2. d4 Bg7 3. Nc3 d6 4. Be3 a6 5. Qd2 b5 6. f3 Nd7 7. a4 b4 8. Nd1 a5 9. c3 bxc3 10. bxc3 c6 11. Bd3 Ba6 12. Ne2 Bxd3 13. Qxd3 Ngf6 14. 0-0 0-0 15. Nf2 Qc7 16. Rab1 Rfb8 17. Qc4 Rb7 18. Ng4 Nxg4 19. fxg4 e6 20. Bf4 Rab8 21. Qa2 Rxb1 22. Rxb1 Rxb1+ 23. Qxb1 e5 24. Be3 exd4 25. cxd4 Qb6 26. Qxb6 Nxb6 27. Bd2 Nxa4 28. Bxa5 c5 29. d5 Kf8 30. Kf2 Ke7 31. h3 Kd7 32. Bd2 Nb2 33. Bg5 Kc7 34. Ke3 Kb6 35. Bf4 Kb5 36. Kd2 Kb4 37. Kc2 Nc4 38. Nc1 Na3+ 39. Kd3 c4+ 40. Kd2 Nb5 41. Kc2 Kc5 42. Be3+ Bd4 43. Bh6 Nc3 0-1

[Event "BCF-chT 0708 (4NCL)"]
[Site "Sunningdale"]
[Date "2007.09.15"]
[Round "1.2"]
[White "Davies, Nigel Rodney"]
[Black "Pinter, Gabor"]
[Result "1-0"]
[WhiteElo "2495"]
[BlackElo "2362"]
[PlyCount "113"]
[EventDate "2007.09.15"]
[EventType "team-tourn"]
[EventRounds "11"]
[EventCountry "ENG"]
[SourceTitle "EXT 2008"]
[Source "ChessBase"]
[SourceDate "2007.11.25"]
[SourceVersion "1"]
[SourceVersionDate "2007.11.25"]
[SourceQuality "1"]
[WhiteTeam "The ADS"]
[BlackTeam "Cambridge"]
[WhiteTeamCountry "ENG"]
[BlackTeamCountry "ENG"]

1. g3 d5 2. Nf3 Nf6 3. Bg2 c6 4. 0-0 Bf5 5. d3 e6 6. Qe1 Be7 7. Nbd2 0-0 8. e4 Bg6 9. Ne5 dxe4 10. dxe4 Nbd7 11. Nxg6 hxg6 12. e5 Nd5 13. Qe2 Qc7 14. Nf3 a5 15. c4 Nb4 16. a3 Na6 17. b3 Rfd8 18. Rb1 Nac5 19. Bd2 a4 20. b4 Nb3 21. Bc3 Nb6 22. Rfd1 Rxd1+ 23. Rxd1 Rd8 24. Bf1 Rd7 25. h4 Bd8 26. Kg2 Be7 27. Rxd7 Qxd7 28. Qd3 Qc7 29. Qe4 Nd7 30. Be2 Qd8 31. Bd1 Qa8 32. Bc2 Nf8 33. Qd3 Qa6 34. Bb2 b5 35. cxb5 cxb5 36. Bxb3 axb3 37. Nd4 Qb7+ 38. f3 Nd7 39. Qxb5 Qxb5 40. Nxb5 Nb6 41. Nc3 Nc4 42. Nd1 Bd8 43. a4 Nxb2 44. Nxb2 Bb6 45. a5 Bd4 46. a6 Kf8 47. Kf1 Ke7 48. Ke2 Kd7 49. Kd3 Bf2 50. b5 Kc7 51. Nc4 b2 52. Nxb2 Bxg3 53. Nc4 Bf2 54. b6+ Kc6 55. a7 Kb7 56. Kc3 Bc5 57. Kb3 1-0

[Event "BCF-chT2 0607 (4NCL)"]
[Site "Sunningdale"]
[Date "2007.05.07"]
[Round "11.2"]
[White "Boytsun, Olena"]
[Black "Pinter, Gabor"]
[Result "0-1"]
[WhiteElo "2281"]
[BlackElo "2366"]
[PlyCount "82"]
[EventDate "2006.09.16"]
[EventType "team"]
[EventRounds "11"]
[EventCountry "ENG"]
[SourceTitle "EXT 2008"]
[Source "ChessBase"]
[SourceDate "2007.11.25"]
[SourceVersion "1"]
[SourceVersionDate "2007.11.25"]
[SourceQuality "1"]
[WhiteTeam "Oxford"]
[BlackTeam "Cambridge"]
[WhiteTeamCountry "ENG"]
[BlackTeamCountry "ENG"]

1. d4 d5 2. c4 c6 3. Nc3 Nf6 4. Bg5 Nbd7 5. Nf3 Ne4 6. Nxe4 dxe4 7. Nd2 Qa5 8. Be3 e5 9. Qb3 f5 10. dxe5 Qxe5 11. f4 Qf6 12. 0-0-0 Nc5 13. Qc2 h5 14. Nb3 Ne6 15. c5 Be7 16. Bd4 Nxd4 17. Nxd4 Be6 18. e3 0-0-0 19. b4 Bd5 20. Qa4 Kb8 21. Be2 Qf7 22. Rd2 Bc4 23. Bxc4 Qxc4+ 24. Rc2 Qd3 25. Re1 Bf6 26. Nxf5 Bc3 27. Rh1 Rhf8 28. Nd6 Qxe3+ 29. Kb1 Rxf4 30. b5 Qxc5 31. Nxb7 Kxb7 32. Qa6+ Ka8 33. Qxc6+ Qxc6 34. bxc6 Be5 35. Re1 Kb8 36. Rc4 Rd4 37. Rc5 Bd6 38. Rxh5 Kc7 39. Rh7 Be5 40. Rh5 Rd5 41. Re2 Rb5+ 0-1

[Event "BCF-chT2 0506 (4NCL)"]
[Site "Birmingham"]
[Date "2006.04.30"]
[Round "10.3"]
[White "Pinter, Gabor"]
[Black "James, Russell A"]
[Result "1/2-1/2"]
[WhiteElo "2353"]
[BlackElo "2230"]
[PlyCount "30"]
[EventDate "2005.10.22"]
[EventType "team"]
[EventRounds "11"]
[EventCountry "ENG"]
[SourceTitle "EXT 2007"]
[Source "ChessBase"]
[SourceDate "2006.11.23"]
[SourceVersion "1"]
[SourceVersionDate "2006.11.23"]
[SourceQuality "1"]
[WhiteTeam "Cambridge"]
[BlackTeam "Warwicks Select"]
[WhiteTeamCountry "ENG"]
[BlackTeamCountry "ENG"]

1. e4 e5 2. Nf3 Nc6 3. Nc3 Nf6 4. g3 Nxe4 5. Nxe4 d5 6. Nc3 d4 7. Ne4 f5 8. Neg5 e4 9. Bc4 exf3 10. Bf7+ Kd7 11. d3 Qe7+ 12. Be6+ Ke8 13. 0-0 Bxe6 14. Re1 Nd8 15. Qxf3 c6 1/2-1/2

[Event "BCF-chT2 0506 (4NCL)"]
[Site "Birmingham"]
[Date "2006.03.05"]
[Round "8.2"]
[White "Pinter, Gabor"]
[Black "Jones, Richard S"]
[Result "1-0"]
[WhiteElo "2353"]
[BlackElo "2294"]
[PlyCount "59"]
[EventDate "2005.10.22"]
[EventType "team"]
[EventRounds "11"]
[EventCountry "ENG"]
[SourceTitle "EXT 2007"]
[Source "ChessBase"]
[SourceDate "2006.11.23"]
[SourceVersion "1"]
[SourceVersionDate "2006.11.23"]
[SourceQuality "1"]
[WhiteTeam "Cambridge"]
[BlackTeam "SW Dragons"]
[WhiteTeamCountry "ENG"]
[BlackTeamCountry "ENG"]

1. e4 c5 2. Nf3 d6 3. Bb5+ Nc6 4. 0-0 Bd7 5. c3 Nf6 6. Qe2 a6 7. Ba4 b5 8. Bc2 Bg4 9. h3 Bxf3 10. Qxf3 g6 11. a4 b4 12. Rd1 Rc8 13. Qe2 Qb6 14. a5 Qb7 15. d4 cxd4 16. cxd4 Nxd4 17. Rxd4 b3 18. Nc3 bxc2 19. Qxc2 Bg7 20. Raa4 Nd7 21. Rdb4 Qc6 22. Qe2 0-0 23. Rc4 Nc5 24. Nd5 Rfe8 25. Rab4 e6 26. Nb6 Rcd8 27. Be3 Bf8 28. Qc2 Rb8 29. e5 Qb7 30. exd6 1-0

[Event "HUN-chT 0405"]
[Site "Hungary"]
[Date "2005.04.24"]
[Round "11"]
[White "Pinter, Gabor"]
[Black "Dovzik, Juri"]
[Result "1/2-1/2"]
[WhiteElo "2356"]
[BlackElo "2434"]
[PlyCount "42"]
[EventDate "2004.09.26"]
[EventType "team-tourn"]
[EventRounds "11"]
[EventCountry "HUN"]
[SourceTitle "EXT 2011"]
[Source "ChessBase"]
[SourceDate "2010.11.26"]
[SourceVersion "1"]
[SourceVersionDate "2010.11.26"]
[SourceQuality "1"]
[WhiteTeam "BEAC Rufusz"]
[BlackTeam "Piremon"]
[WhiteTeamCountry "HUN"]
[BlackTeamCountry "HUN"]

1. e4 e6 2. d3 d5 3. Nd2 Nf6 4. Ngf3 b6 5. g3 Bb7 6. Qe2 dxe4 7. dxe4 Ba6 8. c4 Nc6 9. e5 Nd7 10. Bg2 Bb7 11. 0-0 Nc5 12. Rd1 Qd3 13. Qxd3 Nxd3 14. Ne4 Rd8 15. Nd6+ Bxd6 16. Rxd3 Bc5 17. Rxd8+ Nxd8 18. Bf4 h6 19. Rd1 Ke7 20. Kf1 Nc6 21. Nd4 Bxd4 1/2-1/2

[Event "Budapest FS02 IM-B"]
[Site "Budapest"]
[Date "2005.02.13"]
[Round "9"]
[White "Pinter, Gabor"]
[Black "Rombaldoni, Denis"]
[Result "1/2-1/2"]
[WhiteElo "2354"]
[BlackElo "2244"]
[PlyCount "96"]
[EventDate "2005.02.05"]
[EventType "tourn"]
[EventRounds "11"]
[EventCountry "HUN"]
[EventCategory "1"]
[SourceTitle "CBM 104 Extra"]
[Source "ChessBase"]
[SourceDate "2005.03.01"]
[SourceVersion "1"]
[SourceVersionDate "2005.03.01"]
[SourceQuality "1"]

1. e4 c6 2. d4 d5 3. Nc3 dxe4 4. Nxe4 Nf6 5. Nxf6+ gxf6 6. c3 Bf5 7. Nf3 Rg8 8. Nh4 Qd5 9. Be2 Qe4 10. Nxf5 Qxf5 11. Bf3 Nd7 12. Be3 Nb6 13. Qb3 e6 14. a4 0-0-0 15. a5 Nd5 16. a6 b6 17. Qc4 Kc7 18. Qe2 e5 19. dxe5 fxe5 20. Be4 Qe6 21. 0-0 Bd6 22. Rad1 f5 23. Bxd5 cxd5 24. f4 Rg6 25. Qf3 e4 26. Qe2 Bc5 27. Rf2 Rg4 28. b4 Be7 29. Qa2 Bd6 30. Kf1 Qg8 31. Qxd5 Qxd5 32. Rxd5 Bxf4 33. Rxd8 Bxe3 34. Rh8 Bxf2 35. Rxh7+ Kc6 36. Kxf2 e3+ 37. Kxe3 Rxg2 38. Rxa7 Kb5 39. h4 Rg3+ 40. Kf4 Rg4+ 41. Kxf5 Rxh4 42. Rc7 Kxa6 43. Ke5 Kb5 44. Kd5 Rg4 45. Re7 Rc4 46. Re3 Rc8 47. Rh3 Rd8+ 48. Ke4 Kc4 1/2-1/2

[Event "Budapest FS02 IM-B"]
[Site "Budapest"]
[Date "2005.02.11"]
[Round "7"]
[White "Pinter, Gabor"]
[Black "Schneider, Veronika"]
[Result "1/2-1/2"]
[WhiteElo "2354"]
[BlackElo "2266"]
[PlyCount "119"]
[EventDate "2005.02.05"]
[EventType "tourn"]
[EventRounds "11"]
[EventCountry "HUN"]
[EventCategory "1"]
[SourceTitle "CBM 104 Extra"]
[Source "ChessBase"]
[SourceDate "2005.03.01"]
[SourceVersion "1"]
[SourceVersionDate "2005.03.01"]
[SourceQuality "1"]

1. e4 c5 2. Nf3 e6 3. d3 Nc6 4. g3 Nge7 5. Bg2 g6 6. 0-0 Bg7 7. Nbd2 d6 8. Re1 0-0 9. c3 e5 10. a3 h6 11. b4 b6 12. Bb2 Be6 13. Rb1 Qd7 14. d4 cxd4 15. cxd4 Bg4 16. d5 Nd8 17. Qb3 Rc8 18. Rbc1 Nb7 19. Qd3 f5 20. Kh1 Bf6 21. Ng1 Bg5 22. Rxc8 Qxc8 23. f3 fxe4 24. Nxe4 Bf5 25. Ne2 Bxe4 26. Qxe4 Qf5 27. Qxf5 gxf5 28. f4 Bf6 29. Bh3 Kf7 30. Rc1 exf4 31. Bxf6 Kxf6 32. gxf4 Rc8 33. Rxc8 Nxc8 34. Nd4 Ne7 35. Bg2 Nd8 36. Kg1 Ng6 37. Ne2 Nf7 38. Kf2 Nfh8 39. Ke3 Ne7 40. Nd4 Nhg6 41. Nb5 Nc8 42. Nd4 Nce7 43. a4 Nh4 44. Bh1 Nhg6 45. Ne2 Nc8 46. Kd4 Ke7 47. Bg2 Nh4 48. Bh1 Ng6 49. Kc4 Kd7 50. Kd4 Ke7 51. a5 bxa5 52. bxa5 Nh4 53. Kc4 Kd7 54. Kb5 Kc7 55. Nd4 Kb7 56. Ne6 Ne7 57. Nd8+ Kc7 58. Ne6+ Kb7 59. Nd8+ Kc7 60. Ne6+ 1/2-1/2

[Event "HUN-chT 0405"]
[Site "Hungary"]
[Date "2004.12.19"]
[Round "5"]
[White "Sax, Gyula"]
[Black "Pinter, Gabor"]
[Result "1-0"]
[WhiteElo "2535"]
[BlackElo "2356"]
[PlyCount "77"]
[EventDate "2004.09.26"]
[EventType "team-tourn"]
[EventRounds "11"]
[EventCountry "HUN"]
[SourceTitle "EXT 2011"]
[Source "ChessBase"]
[SourceDate "2010.11.26"]
[SourceVersion "1"]
[SourceVersionDate "2010.11.26"]
[SourceQuality "1"]
[WhiteTeam "Csuti Hydro"]
[BlackTeam "BEAC Rufusz"]
[WhiteTeamCountry "HUN"]
[BlackTeamCountry "HUN"]

1. e4 c5 2. Nf3 e6 3. d4 cxd4 4. Nxd4 Nf6 5. Nc3 d6 6. g4 h6 7. Bg2 a6 8. h3 Qc7 9. Qe2 Nc6 10. Be3 Ne5 11. f4 Nc4 12. 0-0-0 Rb8 13. Kb1 Be7 14. Bc1 b5 15. e5 dxe5 16. Nc6 exf4 17. Nxb8 Qxb8 18. h4 e5 19. g5 Ng4 20. Bxf4 0-0 21. gxh6 gxh6 22. Bf3 h5 23. Nd5 Bd8 24. Rhg1 f5 25. Bg5 Be6 26. Bxd8 Rxd8 27. Nf6+ Kf7 28. Nxh5 Rxd1+ 29. Rxd1 e4 30. Bxg4 Qe5 31. c3 fxg4 32. Qf2+ Kg6 33. Nf4+ Kh6 34. Nxe6 Qxe6 35. Qf4+ Kh7 36. Qc7+ Kg6 37. b3 e3 38. bxc4 e2 39. Re1 1-0

[Event "HUN-chT 0405"]
[Site "Hungary"]
[Date "2004.10.10"]
[Round "2"]
[White "Pinter, Gabor"]
[Black "Sikula, Vaszilij"]
[Result "0-1"]
[WhiteElo "2356"]
[BlackElo "2412"]
[PlyCount "86"]
[EventDate "2004.09.26"]
[EventType "team-tourn"]
[EventRounds "11"]
[EventCountry "HUN"]
[SourceTitle "EXT 2011"]
[Source "ChessBase"]
[SourceDate "2010.11.26"]
[SourceVersion "1"]
[SourceVersionDate "2010.11.26"]
[SourceQuality "1"]
[WhiteTeam "BEAC Rufusz"]
[BlackTeam "Hajduboszormeny"]
[WhiteTeamCountry "HUN"]
[BlackTeamCountry "HUN"]

1. e4 c5 2. Nf3 e6 3. d4 cxd4 4. Nxd4 a6 5. Bd3 Bc5 6. Nb3 Be7 7. 0-0 d6 8. Qg4 g6 9. Qe2 b6 10. a4 Nc6 11. Nc3 Ne5 12. f4 Nxd3 13. cxd3 Nf6 14. Be3 e5 15. h3 Be6 16. Nd2 exf4 17. Bxf4 0-0 18. Nc4 d5 19. Ne5 dxe4 20. dxe4 Nh5 21. Bh2 Bd6 22. Rfd1 Qc7 23. Nf3 Bc5+ 24. Kh1 Ng3+ 25. Bxg3 Qxg3 26. Nd5 Bxd5 27. Rxd5 Rfe8 28. Rf1 Re7 29. Qc4 a5 30. Ng5 Rf8 31. Rf3 Qe1+ 32. Rf1 Qe3 33. h4 h6 34. Nf3 Rxe4 35. Qc2 Rg4 36. b3 Qf4 37. Nh2 Qe4 38. Qxe4 Rxe4 39. Nf3 Re3 40. Ne5 Kg7 41. Nd3 Be7 42. h5 Rd8 43. Nf4 g5 0-1

[Event "Specsavers YM 14th"]
[Site "Millfield"]
[Date "2004.07.24"]
[Round "8"]
[White "Jones, Gawain C B"]
[Black "Pinter, Gabor"]
[Result "1/2-1/2"]
[WhiteElo "2453"]
[BlackElo "2356"]
[PlyCount "120"]
[EventDate "2004.07.19"]
[EventType "swiss"]
[EventRounds "10"]
[EventCountry "ENG"]
[SourceTitle "CBM 101 Extra"]
[Source "ChessBase"]
[SourceDate "2004.09.01"]
[SourceVersion "2"]
[SourceVersionDate "2004.09.01"]
[SourceQuality "1"]

1. e4 c5 2. Nf3 e6 3. b3 d6 4. d4 cxd4 5. Nxd4 Nf6 6. Bd3 Be7 7. 0-0 0-0 8. Bb2 b6 9. c4 Bb7 10. Nd2 Nbd7 11. Qe2 a6 12. f4 Ne8 13. Kh1 Bf6 14. f5 Nc7 15. Rad1 Qe7 16. N2f3 Rfe8 17. fxe6 fxe6 18. Bb1 Rad8 19. b4 Rf8 20. a3 Rf7 21. Qc2 g6 22. Ba2 Rdf8 23. Rfe1 Bg7 24. Qd2 Ne5 25. Kg1 Rf4 26. c5 bxc5 27. bxc5 Nxf3+ 28. Nxf3 dxc5 29. Bxg7 Qxg7 30. Qd6 Rxe4 31. Rxe4 Bxe4 32. Ng5 Bd5 33. Nxe6 Bxe6 34. Bxe6+ Nxe6 35. Qxe6+ Kh8 36. Qxa6 Qb2 37. h3 Rf7 38. Qa8+ Kg7 39. Qd5 Qxa3 40. Qe5+ Kh6 41. Rd5 Qc1+ 42. Kh2 Rf5 43. Qd6 Rxd5 44. Qxd5 Qf4+ 45. Kh1 c4 46. Qc5 Qe4 47. Qf8+ Kg5 48. Qc5+ Kf4 49. Qf2+ Ke5 50. Qc5+ Ke6 51. Qc8+ Kd5 52. Qd7+ Kc5 53. Qc7+ Kd4 54. Qb6+ Kc3 55. Qa5+ Kd3 56. Qb5 h5 57. Qb1+ Kd4 58. Qb6+ Kc3 59. Qb5 Kd2 60. Qb4+ Ke2 1/2-1/2

[Event "Specsavers YM 14th"]
[Site "Millfield"]
[Date "2004.07.23"]
[Round "7"]
[White "Pinter, Gabor"]
[Black "Purton, Benjamin"]
[Result "1-0"]
[WhiteElo "2356"]
[BlackElo "2106"]
[PlyCount "95"]
[EventDate "2004.07.19"]
[EventType "swiss"]
[EventRounds "10"]
[EventCountry "ENG"]
[SourceTitle "CBM 101 Extra"]
[Source "ChessBase"]
[SourceDate "2004.09.01"]
[SourceVersion "2"]
[SourceVersionDate "2004.09.01"]
[SourceQuality "1"]

1. e4 c5 2. Nf3 Nc6 3. d4 cxd4 4. Nxd4 e5 5. Nb5 d6 6. c4 Be7 7. N1c3 a6 8. Na3 f5 9. exf5 Bxf5 10. Bd3 Be6 11. Nc2 Nf6 12. 0-0 d5 13. cxd5 Nxd5 14. Nxd5 Bxd5 15. Qe2 Qc7 16. Be3 Bf6 17. Qg4 Qf7 18. Bc5 h5 19. Qh3 Be6 20. Qe3 Rd8 21. Rfd1 Bc4 22. Be4 Bd5 23. b3 Bxe4 24. Qxe4 Qe6 25. Ne3 Kf7 26. Nd5 Rd7 27. Rd3 Rhd8 28. Rad1 Ne7 29. Bxe7 Bxe7 30. Qf3+ Kg6 31. h3 Bf6 32. Qe4+ Kf7 33. Kh2 h4 34. f3 b5 35. a4 bxa4 36. bxa4 Kf8 37. Nxf6 gxf6 38. Rxd7 Rxd7 39. Rxd7 Qxd7 40. Qa8+ Kf7 41. Qxa6 Qd2 42. Qc4+ Kg6 43. Qg4+ Kf7 44. Qxh4 Kg7 45. Qg4+ Kh8 46. h4 Qe1 47. h5 Qd2 48. Qh4 1-0